000 00298nam a2200133 i 4500
001 bg
100 1 _aKUCHARSKI, J. R.
245 0 _aHałas drogowy /
_cJ.R. Kucharski.
260 _aWarszawa,
_c1979.
040 _cBPK
041 _apol
942 _cKS
008 s pl f |000 0 pol
999 _c18649
_d18649
856 _uhttp://koha.tu.koszalin.pl/cgi-bin/koha/opac-detail.pl?biblionumber=18649
_yKatalog online BPK